Entry Personal Name
Number of records used in: 1
001 - CONTROL NUMBER
003 - CONTROL NUMBER IDENTIFIER
005 - DATE AND TIME OF LATEST TRANSACTION
- control field:
20160701115532.0
008 - FIXED-LENGTH DATA ELEMENTS
- fixed length control field:
160701|| aca||aabn | a|a d
040 ## - CATALOGING SOURCE
- Original cataloging agency:
OSt
- Transcribing agency:
OSt
100 ## - HEADING--PERSONAL NAME
- Personal name:
De, Prof. Amitosh
670 ## - SOURCE DATA FOUND
- Source citation:
Work cat.: (OSt): De, Prof. Amitosh, Heavy earth moving machine, 2014